Estadísticas para Ciudades y países importantes que desaparecerán

Haz click aquí para tomar la prueba!

Estadísticas generales

  • Esta prueba ha sido tomada 65 veces
  • La puntuación promedio es 25 de 100

Estadísticas de respuestas

Ciudad/País% Correcto
Buenos Aires
80%
Nueva York
68%
Londres
64%
Río de Janeiro
64%
Miami
63%
Sydney
59%
Los angeles
58%
Roma
58%
Amsterdam
58%
Tokio
56%
Montevideo
54%
Melbourne
53%
Barcelona
53%
Ciudad del Cabo
51%
Lima
51%
Dublín
49%
San francisco
49%
Bangkok
46%
Estocolmo
46%
Boston
44%
Wellington
44%
Lisboa
42%
Estambul
41%
Copenhague
37%
Helsinki
37%
Yakarta
36%
Bruselas
36%
Singapur
36%
Manila
36%
Auckland
34%
Kuala Lumpur
34%
Seattle
34%
Perth
32%
Pekin
32%
Shanghai
32%
Lagos
32%
San diego
31%
Seúl
31%
Brisbane
31%
Hong Kong
31%
Orlando
31%
Venecia
31%
San Petersburgo
27%
Bombay
27%
Cancún
27%
Calcuta
25%
Luanda
25%
Washington DC
25%
Houston
24%
Cairo
24%
Dakar
24%
Dar es-Salaam
22%
Vancouver
22%
Dubai
22%
Daca
22%
Portland
20%
Maputo
20%
Adelaida
20%
Georgetown
17%
Túnez
17%
Mogadiscio
17%
Beirut
17%
Karachi
15%
Montreal
15%
Tallin
15%
Accra
14%
Puerto Príncipe
14%
Tampa
14%
Riga
14%
Doha
14%
Honolulu
12%
Filadelfia
10%
Asuncion
10%
Veracruz
8%
Freetown
7%
Yibuti
7%
La havana
5%
Monrovia
5%
Mombasa
5%
Colombo
5%
Rangún
5%
Bagdad
3%
Jacksonbay
3%
Ciudad Ho Chi Minh
3%
Nom pen
2%
Halifax
2%
Charleston
2%
Alexandria
2%
Ciudad de Kuwait
2%
Bisáu
2%
Aden
2%
Qingdao
0%
Paramaibo
0%
Odesa
0%
Abidyán
0%
Norfolk
0%
Pine Bluff
0%
Nuevo Orleans
0%
Yeda
0%
Trípolis
0%

Distribución de puntuación

Porcentaje por número respondido

Porcentaje de gente con cada puntuación

Historial de tus puntuaciones

No has tomado esta prueba